Quiz sur la majorité et l'opposition à chaque niveau de pouvoir belge. - Statistiques

Statistiques générales
  • Ce quiz a été pris 2 fois
  • Le résultat moyen est 104 sur 300
Statistiques - réponses
Question Tuile Select % Correct
Niveau fédéral : L'opposition à la Chambre des représentants est composé de... CD&V Non
100%
Niveau fédéral : L'opposition au Sénat est composé de... CD&V Non
100%
Niveau fédéral : Le gouvernement est une coalition entre... DEFI Non
100%
Niveau fédéral : La majorité à la Chambre des représentants est composé de... DEFI Non
100%
Niveau fédéral : La majorité au Sénat est composé de... DEFI Non
100%
Niveau fédéral : La majorité à la Chambre des représentants est composé de... Ecolo Non
100%
Niveau fédéral : La majorité au Sénat est composé de... Ecolo Non
100%
Niveau fédéral : Le gouvernement est une coalition entre... Groen Non
100%
Niveau fédéral : La majorité à la Chambre des représentants est composé de... Groen Non
100%
Niveau fédéral : La majorité au Sénat est composé de... Groen Non
100%
Niveau fédéral : Le gouvernement est une coalition entre... Les Engagés Oui
100%
Niveau fédéral : La majorité au Sénat est composé de... Les Engagés Oui
100%
Niveau fédéral : L'opposition au Sénat est composé de... Les Engagés Non
100%
Niveau fédéral : Le gouvernement est une coalition entre... MR Oui
100%
Niveau fédéral : La majorité à la Chambre des représentants est composé de... MR Oui
100%
Niveau fédéral : L'opposition à la Chambre des représentants est composé de... MR Non
100%
Niveau fédéral : La majorité au Sénat est composé de... MR Oui
100%
Niveau fédéral : L'opposition au Sénat est composé de... MR Non
100%
Niveau fédéral : L'opposition à la Chambre des représentants est composé de... N-VA Non
100%
Niveau fédéral : L'opposition au Sénat est composé de... N-VA Non
100%
Niveau fédéral : Le gouvernement est une coalition entre... Open VLD Non
100%
Niveau fédéral : La majorité à la Chambre des représentants est composé de... Open VLD Non
100%
Niveau fédéral : La majorité au Sénat est composé de... Open VLD Non
100%
Niveau fédéral : Le gouvernement est une coalition entre... PRODG Non
100%
Niveau fédéral : La majorité à la Chambre des représentants est composé de... PRODG Non
100%
Niveau fédéral : La majorité au Sénat est composé de... PRODG Non
100%
Niveau fédéral : La majorité à la Chambre des représentants est composé de... PS Non
100%
Niveau fédéral : L'opposition à la Chambre des représentants est composé de... PS Oui
100%
Niveau fédéral : La majorité au Sénat est composé de... PS Non
100%
Niveau fédéral : L'opposition au Sénat est composé de... PS Oui
100%
Niveau fédéral : Le gouvernement est une coalition entre... PTB Non
100%
Niveau fédéral : La majorité à la Chambre des représentants est composé de... PTB Non
100%
Niveau fédéral : L'opposition à la Chambre des représentants est composé de... PTB Oui
100%
Niveau fédéral : La majorité au Sénat est composé de... PTB Non
100%
Niveau fédéral : Le gouvernement est une coalition entre... PVDA Non
100%
Niveau fédéral : La majorité à la Chambre des représentants est composé de... PVDA Non
100%
Niveau fédéral : La majorité au Sénat est composé de... PVDA Non
100%
Niveau fédéral : Le gouvernement est une coalition entre... TFA Non
100%
Niveau fédéral : La majorité à la Chambre des représentants est composé de... TFA Non
100%
Niveau fédéral : La majorité au Sénat est composé de... TFA Non
100%
Niveau fédéral : Le gouvernement est une coalition entre... VB Non
100%
Niveau fédéral : La majorité à la Chambre des représentants est composé de... VB Non
100%
Niveau fédéral : La majorité au Sénat est composé de... VB Non
100%
Niveau fédéral : L'opposition à la Chambre des représentants est composé de... Vooruit Non
100%
Niveau fédéral : L'opposition au Sénat est composé de... Vooruit Non
100%
Niveau fédéral : Le gouvernement est une coalition entre... CD&V Oui
50%
Niveau fédéral : La majorité à la Chambre des représentants est composé de... CD&V Oui
50%
Niveau fédéral : La majorité au Sénat est composé de... CD&V Oui
50%
Région Flamande : La coalition du gouvernement est composé... CD&V Oui
50%
Région Flamande : La majorité du parlement est composé... CD&V Oui
50%
Région Flamande : L'opposition au parlement est composé... CD&V Non
50%
Région wallonne : La coalition au gouvernement est composé... CD&V Non
50%
Région wallonne : La majorité au parlement est composé... CD&V Non
50%
Région wallonne : L'opposition au parlement est composé... CD&V Non
50%
Niveau fédéral : L'opposition à la Chambre des représentants est composé de... DEFI Oui
50%
Niveau fédéral : L'opposition au Sénat est composé de... DEFI Non
50%
Région Flamande : La coalition du gouvernement est composé... DEFI Non
50%
Région Flamande : La majorité du parlement est composé... DEFI Non
50%
Région Flamande : L'opposition au parlement est composé... DEFI Non
50%
Région wallonne : La coalition au gouvernement est composé... DEFI Non
50%
Région wallonne : La majorité au parlement est composé... DEFI Non
50%
Niveau fédéral : Le gouvernement est une coalition entre... Ecolo Non
50%
Niveau fédéral : L'opposition à la Chambre des représentants est composé de... Ecolo Oui
50%
Niveau fédéral : L'opposition au Sénat est composé de... Ecolo Oui
50%
Région Flamande : La coalition du gouvernement est composé... Ecolo Non
50%
Région Flamande : La majorité du parlement est composé... Ecolo Non
50%
Région Flamande : L'opposition au parlement est composé... Ecolo Non
50%
Région wallonne : La coalition au gouvernement est composé... Ecolo Non
50%
Région wallonne : La majorité au parlement est composé... Ecolo Non
50%
Région wallonne : L'opposition au parlement est composé... Ecolo Oui
50%
Niveau fédéral : L'opposition au Sénat est composé de... Groen Oui
50%
Région Flamande : La coalition du gouvernement est composé... Groen Non
50%
Région Flamande : La majorité du parlement est composé... Groen Non
50%
Région Flamande : L'opposition au parlement est composé... Groen Oui
50%
Région wallonne : La coalition au gouvernement est composé... Groen Non
50%
Région wallonne : La majorité au parlement est composé... Groen Non
50%
Région wallonne : L'opposition au parlement est composé... Groen Non
50%
Niveau fédéral : La majorité à la Chambre des représentants est composé de... Les Engagés Oui
50%
Niveau fédéral : L'opposition à la Chambre des représentants est composé de... Les Engagés Non
50%
Région Flamande : La coalition du gouvernement est composé... Les Engagés Non
50%
Région Flamande : La majorité du parlement est composé... Les Engagés Non
50%
Région Flamande : L'opposition au parlement est composé... Les Engagés Non
50%
Région wallonne : La coalition au gouvernement est composé... Les Engagés Oui
50%
Région wallonne : La majorité au parlement est composé... Les Engagés Oui
50%
Région wallonne : L'opposition au parlement est composé... Les Engagés Non
50%
Région Flamande : La coalition du gouvernement est composé... MR Non
50%
Région Flamande : La majorité du parlement est composé... MR Non
50%
Région Flamande : L'opposition au parlement est composé... MR Non
50%
Région wallonne : La coalition au gouvernement est composé... MR Oui
50%
Région wallonne : La majorité au parlement est composé... MR Oui
50%
Région wallonne : L'opposition au parlement est composé... MR Non
50%
Niveau fédéral : Le gouvernement est une coalition entre... N-VA Oui
50%
Niveau fédéral : La majorité à la Chambre des représentants est composé de... N-VA Oui
50%
Niveau fédéral : La majorité au Sénat est composé de... N-VA Oui
50%
Région Flamande : La coalition du gouvernement est composé... N-VA Oui
50%
Région Flamande : La majorité du parlement est composé... N-VA Oui
50%
Région Flamande : L'opposition au parlement est composé... N-VA Non
50%
Région wallonne : La coalition au gouvernement est composé... N-VA Non
50%
Région wallonne : La majorité au parlement est composé... N-VA Non
50%
Région wallonne : L'opposition au parlement est composé... N-VA Non
50%
Niveau fédéral : L'opposition à la Chambre des représentants est composé de... Open VLD Oui
50%
Niveau fédéral : L'opposition au Sénat est composé de... Open VLD Oui
50%
Région Flamande : La coalition du gouvernement est composé... Open VLD Non
50%
Région Flamande : La majorité du parlement est composé... Open VLD Non
50%
Région Flamande : L'opposition au parlement est composé... Open VLD Oui
50%
Région wallonne : La coalition au gouvernement est composé... Open VLD Non
50%
Région wallonne : La majorité au parlement est composé... Open VLD Non
50%
Région wallonne : L'opposition au parlement est composé... Open VLD Non
50%
Niveau fédéral : L'opposition à la Chambre des représentants est composé de... PRODG Non
50%
Niveau fédéral : L'opposition au Sénat est composé de... PRODG Non
50%
Région Flamande : La coalition du gouvernement est composé... PRODG Non
50%
Région Flamande : La majorité du parlement est composé... PRODG Non
50%
Région Flamande : L'opposition au parlement est composé... PRODG Non
50%
Région wallonne : La coalition au gouvernement est composé... PRODG Non
50%
Région wallonne : La majorité au parlement est composé... PRODG Non
50%
Région wallonne : L'opposition au parlement est composé... PRODG Non
50%
Niveau fédéral : Le gouvernement est une coalition entre... PS Non
50%
Région Flamande : La coalition du gouvernement est composé... PS Non
50%
Région Flamande : La majorité du parlement est composé... PS Non
50%
Région Flamande : L'opposition au parlement est composé... PS Non
50%
Région wallonne : La coalition au gouvernement est composé... PS Non
50%
Région wallonne : La majorité au parlement est composé... PS Non
50%
Région wallonne : L'opposition au parlement est composé... PS Oui
50%
Niveau fédéral : L'opposition au Sénat est composé de... PTB Oui
50%
Région Flamande : La coalition du gouvernement est composé... PTB Non
50%
Région Flamande : La majorité du parlement est composé... PTB Non
50%
Région Flamande : L'opposition au parlement est composé... PTB Non
50%
Région wallonne : La coalition au gouvernement est composé... PTB Non
50%
Région wallonne : La majorité au parlement est composé... PTB Non
50%
Région wallonne : L'opposition au parlement est composé... PTB Oui
50%
Niveau fédéral : L'opposition à la Chambre des représentants est composé de... PVDA Non
50%
Niveau fédéral : L'opposition au Sénat est composé de... PVDA Non
50%
Région Flamande : La coalition du gouvernement est composé... PVDA Non
50%
Région Flamande : La majorité du parlement est composé... PVDA Non
50%
Région Flamande : L'opposition au parlement est composé... PVDA Oui
50%
Région wallonne : La coalition au gouvernement est composé... PVDA Non
50%
Région wallonne : La majorité au parlement est composé... PVDA Non
50%
Région wallonne : L'opposition au parlement est composé... PVDA Non
50%
Niveau fédéral : L'opposition à la Chambre des représentants est composé de... TFA Non
50%
Niveau fédéral : L'opposition au Sénat est composé de... TFA Non
50%
Région Flamande : La coalition du gouvernement est composé... TFA Non
50%
Région Flamande : La majorité du parlement est composé... TFA Non
50%
Région wallonne : La coalition au gouvernement est composé... TFA Non
50%
Région wallonne : La majorité au parlement est composé... TFA Non
50%
Région wallonne : L'opposition au parlement est composé... TFA Non
50%
Niveau fédéral : L'opposition à la Chambre des représentants est composé de... VB Oui
50%
Niveau fédéral : L'opposition au Sénat est composé de... VB Oui
50%
Région Flamande : La coalition du gouvernement est composé... VB Non
50%
Région Flamande : La majorité du parlement est composé... VB Non
50%
Région Flamande : L'opposition au parlement est composé... VB Oui
50%
Région wallonne : La coalition au gouvernement est composé... VB Non
50%
Région wallonne : La majorité au parlement est composé... VB Non
50%
Région wallonne : L'opposition au parlement est composé... VB Non
50%
Niveau fédéral : Le gouvernement est une coalition entre... Vooruit Oui
50%
Niveau fédéral : La majorité à la Chambre des représentants est composé de... Vooruit Oui
50%
Niveau fédéral : La majorité au Sénat est composé de... Vooruit Oui
50%
Région Flamande : La coalition du gouvernement est composé... Vooruit Oui
50%
Région Flamande : La majorité du parlement est composé... Vooruit Oui
50%
Région Flamande : L'opposition au parlement est composé... Vooruit Non
50%
Région wallonne : La coalition au gouvernement est composé... Vooruit Non
50%
Région wallonne : La majorité au parlement est composé... Vooruit Non
50%
Région wallonne : L'opposition au parlement est composé... Vooruit Non
50%
Communauté française : La coalition au gouvernement est composé... CD&V Non
0%
Communauté française : La majorité au parlement est composé... CD&V Non
0%
Communauté française : L'opposition au parlement est composé... CD&V Non
0%
Communauté germanophone : La coalition au gouvernement est composé... CD&V Non
0%
Communauté germanophone : La majorité au parlement est composé... CD&V Non
0%
Communauté germanophone : L'opposition au parlement est composé... CD&V Non
0%
Région Bruxelles-Capitale : La coalition au gouvernement est composé... CD&V Non
0%
Région Bruxelles-Capitale : La majorité au parlement est composé... CD&V Non
0%
Région Bruxelles-Capitale : L'opposition au parlement est composé... CD&V Oui
0%
Communauté germanophone : La majorité au parlement est composé... CSP Oui
0%
Région wallonne : L'opposition au parlement est composé... DEFI Non
0%
Communauté française : La coalition au gouvernement est composé... DEFI Non
0%
Communauté française : La majorité au parlement est composé... DEFI Non
0%
Communauté française : L'opposition au parlement est composé... DEFI Oui
0%
Communauté germanophone : La coalition au gouvernement est composé... DEFI Non
0%
Communauté germanophone : L'opposition au parlement est composé... DEFI Non
0%
Région Bruxelles-Capitale : La coalition au gouvernement est composé... DEFI Oui
0%
Région Bruxelles-Capitale : La majorité au parlement est composé... DEFI Oui
0%
Région Bruxelles-Capitale : L'opposition au parlement est composé... DEFI Non
0%
Communauté française : La coalition au gouvernement est composé... Ecolo Non
0%
Communauté française : La majorité au parlement est composé... Ecolo Non
0%
Communauté française : L'opposition au parlement est composé... Ecolo Oui
0%
Communauté germanophone : La coalition au gouvernement est composé... Ecolo Non
0%
Communauté germanophone : La majorité au parlement est composé... Ecolo Non
0%
Communauté germanophone : L'opposition au parlement est composé... Ecolo Oui
0%
Région Bruxelles-Capitale : La coalition au gouvernement est composé... Ecolo Oui
0%
Région Bruxelles-Capitale : La majorité au parlement est composé... Ecolo Oui
0%
Région Bruxelles-Capitale : L'opposition au parlement est composé... Ecolo Non
0%
Niveau fédéral : L'opposition à la Chambre des représentants est composé de... Groen Non
0%
Communauté française : La coalition au gouvernement est composé... Groen Non
0%
Communauté française : La majorité au parlement est composé... Groen Non
0%
Communauté française : L'opposition au parlement est composé... Groen Non
0%
Communauté germanophone : La coalition au gouvernement est composé... Groen Non
0%
Communauté germanophone : La majorité au parlement est composé... Groen Non
0%
Communauté germanophone : L'opposition au parlement est composé... Groen Non
0%
Région Bruxelles-Capitale : La coalition au gouvernement est composé... Groen Oui
0%
Région Bruxelles-Capitale : La majorité au parlement est composé... Groen Oui
0%
Région Bruxelles-Capitale : L'opposition au parlement est composé... Groen Non
0%
Région Bruxelles-Capitale : L'opposition au parlement est composé... Indépendant Oui
0%
Communauté française : La coalition au gouvernement est composé... Les Engagés Oui
0%
Communauté française : La majorité au parlement est composé... Les Engagés Oui
0%
Communauté française : L'opposition au parlement est composé... Les Engagés Non
0%
Communauté germanophone : La coalition au gouvernement est composé... Les Engagés Non
0%
Communauté germanophone : La majorité au parlement est composé... Les Engagés Non
0%
Communauté germanophone : L'opposition au parlement est composé... Les Engagés Non
0%
Région Bruxelles-Capitale : La coalition au gouvernement est composé... Les Engagés Non
0%
Région Bruxelles-Capitale : La majorité au parlement est composé... Les Engagés Non
0%
Région Bruxelles-Capitale : L'opposition au parlement est composé... Les Engagés Oui
0%
Communauté française : La coalition au gouvernement est composé... MR Oui
0%
Communauté française : La majorité au parlement est composé... MR Oui
0%
Communauté française : L'opposition au parlement est composé... MR Non
0%
Communauté germanophone : La coalition au gouvernement est composé... MR Non
0%
Communauté germanophone : La majorité au parlement est composé... MR Non
0%
Communauté germanophone : L'opposition au parlement est composé... MR Non
0%
Région Bruxelles-Capitale : La coalition au gouvernement est composé... MR Non
0%
Région Bruxelles-Capitale : La majorité au parlement est composé... MR Non
0%
Région Bruxelles-Capitale : L'opposition au parlement est composé... MR Oui
0%
Communauté française : La coalition au gouvernement est composé... N-VA Non
0%
Communauté française : La majorité au parlement est composé... N-VA Non
0%
Communauté française : L'opposition au parlement est composé... N-VA Non
0%
Communauté germanophone : La coalition au gouvernement est composé... N-VA Non
0%
Communauté germanophone : La majorité au parlement est composé... N-VA Non
0%
Communauté germanophone : L'opposition au parlement est composé... N-VA Non
0%
Région Bruxelles-Capitale : La coalition au gouvernement est composé... N-VA Non
0%
Région Bruxelles-Capitale : La majorité au parlement est composé... N-VA Non
0%
Région Bruxelles-Capitale : L'opposition au parlement est composé... N-VA Oui
0%
Communauté française : La coalition au gouvernement est composé... Open VLD Non
0%
Communauté française : La majorité au parlement est composé... Open VLD Non
0%
Communauté française : L'opposition au parlement est composé... Open VLD Non
0%
Communauté germanophone : La coalition au gouvernement est composé... Open VLD Non
0%
Communauté germanophone : La majorité au parlement est composé... Open VLD Non
0%
Communauté germanophone : L'opposition au parlement est composé... Open VLD Non
0%
Région Bruxelles-Capitale : La coalition au gouvernement est composé... Open VLD Oui
0%
Région Bruxelles-Capitale : La majorité au parlement est composé... Open VLD Oui
0%
Région Bruxelles-Capitale : L'opposition au parlement est composé... Open VLD Non
0%
Communauté germanophone : La coalition au gouvernement est composé... PFF Oui
0%
Communauté germanophone : La majorité au parlement est composé... PFF Oui
0%
Communauté française : La coalition au gouvernement est composé... PRODG Non
0%
Communauté française : La majorité au parlement est composé... PRODG Non
0%
Communauté française : L'opposition au parlement est composé... PRODG Non
0%
Communauté germanophone : La coalition au gouvernement est composé... PRODG Oui
0%
Communauté germanophone : La majorité au parlement est composé... PRODG Oui
0%
Communauté germanophone : L'opposition au parlement est composé... PRODG Non
0%
Région Bruxelles-Capitale : La coalition au gouvernement est composé... PRODG Non
0%
Région Bruxelles-Capitale : La majorité au parlement est composé... PRODG Non
0%
Communauté française : La coalition au gouvernement est composé... PS Non
0%
Communauté française : La majorité au parlement est composé... PS Non
0%
Communauté française : L'opposition au parlement est composé... PS Oui
0%
Communauté germanophone : La coalition au gouvernement est composé... PS Non
0%
Communauté germanophone : La majorité au parlement est composé... PS Non
0%
Communauté germanophone : L'opposition au parlement est composé... PS Non
0%
Région Bruxelles-Capitale : La coalition au gouvernement est composé... PS Oui
0%
Région Bruxelles-Capitale : La majorité au parlement est composé... PS Oui
0%
Région Bruxelles-Capitale : L'opposition au parlement est composé... PS Non
0%
Communauté française : La coalition au gouvernement est composé... PTB Non
0%
Communauté française : La majorité au parlement est composé... PTB Non
0%
Communauté française : L'opposition au parlement est composé... PTB Oui
0%
Communauté germanophone : La coalition au gouvernement est composé... PTB Non
0%
Communauté germanophone : La majorité au parlement est composé... PTB Non
0%
Communauté germanophone : L'opposition au parlement est composé... PTB Non
0%
Région Bruxelles-Capitale : La coalition au gouvernement est composé... PTB Non
0%
Région Bruxelles-Capitale : La majorité au parlement est composé... PTB Non
0%
Région Bruxelles-Capitale : L'opposition au parlement est composé... PTB Oui
0%
Communauté française : La coalition au gouvernement est composé... PVDA Non
0%
Communauté française : La majorité au parlement est composé... PVDA Non
0%
Communauté française : L'opposition au parlement est composé... PVDA Non
0%
Communauté germanophone : La coalition au gouvernement est composé... PVDA Non
0%
Communauté germanophone : La majorité au parlement est composé... PVDA Non
0%
Région Bruxelles-Capitale : La coalition au gouvernement est composé... PVDA Non
0%
Région Bruxelles-Capitale : La majorité au parlement est composé... PVDA Non
0%
Région Bruxelles-Capitale : L'opposition au parlement est composé... PVDA Oui
0%
Communauté germanophone : La coalition au gouvernement est composé... SP Oui
0%
Communauté germanophone : La majorité au parlement est composé... SP Non
0%
Communauté germanophone : L'opposition au parlement est composé... SP Oui
0%
Région Bruxelles-Capitale : L'opposition au parlement est composé... Team Fouad Ahidar Oui
0%
Région Flamande : L'opposition au parlement est composé... TFA Oui
0%
Communauté française : La coalition au gouvernement est composé... TFA Non
0%
Communauté française : La majorité au parlement est composé... TFA Non
0%
Communauté française : L'opposition au parlement est composé... TFA Non
0%
Communauté germanophone : L'opposition au parlement est composé... TFA Non
0%
Région Bruxelles-Capitale : La coalition au gouvernement est composé... TFA Non
0%
Région Bruxelles-Capitale : La majorité au parlement est composé... TFA Non
0%
Communauté française : La coalition au gouvernement est composé... VB Non
0%
Communauté française : La majorité au parlement est composé... VB Non
0%
Communauté française : L'opposition au parlement est composé... VB Non
0%
Région Bruxelles-Capitale : La coalition au gouvernement est composé... VB Non
0%
Région Bruxelles-Capitale : La majorité au parlement est composé... VB Non
0%
Région Bruxelles-Capitale : L'opposition au parlement est composé... VB Oui
0%
Communauté germanophone : L'opposition au parlement est composé... Vivant Oui
0%
Communauté française : La coalition au gouvernement est composé... Vooruit Non
0%
Communauté française : La majorité au parlement est composé... Vooruit Non
0%
Communauté française : L'opposition au parlement est composé... Vooruit Non
0%
Communauté germanophone : La coalition au gouvernement est composé... Vooruit Non
0%
Communauté germanophone : La majorité au parlement est composé... Vooruit Non
0%
Communauté germanophone : L'opposition au parlement est composé... Vooruit Non
0%
Région Bruxelles-Capitale : La coalition au gouvernement est composé... Vooruit Oui
0%
Région Bruxelles-Capitale : La majorité au parlement est composé... Vooruit Oui
0%
Région Bruxelles-Capitale : L'opposition au parlement est composé... Vooruit Non
0%
Aucun quiz correspondant
Distribution des résultats
% des personnes avec chaque résultat
Percentile par nombre de réponses
Votre historique - résultats
Vous n’avez pas pris ce quiz